Name the Oceanian Countries in 30 seconds! - Statistics

General Stats
  • This quiz has been taken 43 times
  • The average score is 11 of 14
Answer Stats
Answer % Correct
Australia
93%
Fiji
93%
New Zealand
90%
Palau
87%
Tonga
87%
Nauru
83%
Samoa
83%
Tuvalu
83%
Marshall Islands
80%
Solomon Islands
77%
Vanuatu
77%
Federated States of Micronesia
70%
Kiribati
70%
Papua New Guinea
67%
No matching quizzes found
Score Distribution
Percent of People with Each Score
Percentile by Number Answered
Your Score History
You have not taken this quiz